000 00837nam a22001577a 4500
003 OSt
005 20151113100413.0
008 151113b xxu||||| |||| 00| 0 eng d
040 _cRUA
082 _aFOR PRA 2007 B133 Or.1
100 _93638
_aPRAK, CHANTHY.
245 _aStudy of all kinds of birds used in trading in the ritual of bird releasing in phnom penh (ការសិក្សាលើប្រភេទសត្វស្លាបគ្រប់ប្រភេទដែលប្រើប្រាស់ក្នុងការទិញលក់ជាសត្វរស់ដើម្បីប្រលែងតាមជំនឿរបស់ប្រជាជនខ្មែរក្នុងរាជធានីភ្នំពេញ)
260 _aPhnom Penh
_bRUA
_c2007
300 _ax, 42p.
_bill.
_c29cm.
942 _2ddc
_cFOR
999 _c3387
_d3387